000
00339nam a22001457a 4500
999
_c
11935
_d
11935
020
_a
0898744822
020
_a
978-0898744828
082
_a
625.7BAK
100
_a
Baker, Robert F.
245
_a
Handbook of Highway Engineering
260
_a
New York
_b
Van Nostron
_c
1975
300
_a
894
650
_a
Highway Engineering
942
_c
BK